00433nam a2200157Ia 45000010006000000050017000060080041000230410008000640820026000721000031000982450093001292600009002223000028002316500008002596540008002672529920260414151140.0260414t1989||||xx |||||||||||||| ||spa|| aESP a346.44bR91 1989 V. 7 aRubio Correa, MarcialeAUT 0aPrescripción y caducidad. La extinción de acciones y derechos en el código civilb c1989 a206 páginas :c20 cm. aDER aCDE